| 000 | 04776cam a2200889 4500 | ||
|---|---|---|---|
| 001 | 45957 | ||
| 010 | _a9728735855 | ||
| 010 | _a9728735863 | ||
| 010 | _a9728735871 | ||
| 010 | _a972873588X | ||
| 010 | _a9728735898 | ||
| 010 | _a9728735901 | ||
| 010 | _a972873591X | ||
| 010 | _a9728735928 | ||
| 010 | _a9728735952 | ||
| 010 | _a9728735960 | ||
| 010 | _a9728735987 | ||
| 010 | _a9728735995 | ||
| 010 | _a9895540000 | ||
| 010 | _a9895540019 | ||
| 010 | _a9895540027 | ||
| 010 | _a9895540035 | ||
| 010 | _a9895540043 | ||
| 010 | _a9895540051 | ||
| 010 | _a989554006X | ||
| 010 | _a9895540078 | ||
| 010 | _a9895540086 | ||
| 010 | _a9895540108 | ||
| 010 | _a9728735936 | ||
| 010 | _a9728735979 | ||
| 010 | _a9895540264 | ||
| 010 | _a9895540272 | ||
| 010 | _a9895540280 | ||
| 010 | _a9895540299 | ||
| 010 | _a9895540302 | ||
| 010 | _a9895540310 | ||
| 010 | _a9895540329 | ||
| 010 | _a9895540337 | ||
| 021 | _b187584/02 | ||
| 021 | _b187588/02 | ||
| 021 | _b187589/02 | ||
| 021 | _b187590/02 | ||
| 021 | _b187591/02 | ||
| 021 | _b187592/02 | ||
| 021 | _b187593/02 | ||
| 021 | _b187594/02 | ||
| 021 | _b188735/02 | ||
| 021 | _b188736/02 | ||
| 021 | _b188739/02 | ||
| 021 | _b188740/02 | ||
| 021 | _b188741/02 | ||
| 021 | _b188742/02 | ||
| 021 | _b188743/02 | ||
| 021 | _b188744/02 | ||
| 021 | _b188745/02 | ||
| 021 | _b188746/02 | ||
| 021 | _b189891/02 | ||
| 021 | _b189887/03 | ||
| 021 | _b189888/03 | ||
| 021 | _b189889/03 | ||
| 021 | _b188734/02 | ||
| 021 | _b188738/02 | ||
| 021 | _b192984/03 | ||
| 090 | _a45957 | ||
| 100 | _a20030602g20029999me y0pory5003 ba | ||
| 101 | 0 | _apor | |
| 102 | _aPT | ||
| 200 | 1 |
_aGrandes batalhas da história universal _forg. e dir QuidNovi |
|
| 210 | 9 |
_a[S.l.] _cQuidNovi _cEmpresa do Jornal de Notícias, _dD.L. 2002- |
|
| 215 |
_av. _cil. _d21 cm |
||
| 225 | _aGrandes batalhas da história universal | ||
| 327 | 0 |
_a1<U+00BA> v. : Kadesh : 1275 a.C. / Ramses II, Muwatalli. - 64 p. _a2<U+00BA> v. : Issos : Dário III, 333 a.C. / Alexandre, o Grande. - 64 p. _a3<U+00BA> v. : Canas : Aníbal : Paulo Emílio, Marco Terêncio : 216 a. C. - 64 p. _a4<U+00BA> v. : Alesia : Júlio César : Vercingetorix : 49 a. C. - 64 p. _a5<U+00BA> v. : Ajubarrota : D. Nuno Álvarez Pereira : D. João I de Castela : 1385. - 64 p. _a6<U+00BA> v. : Orleães : 1429 / Joana D'Arc, Guilherme de la Pole. - cop. 2003. - 64 p. _a7<U+00BA> v. : Constantinopla : 1453 / Maomé II, Constantino XI. - 2003. - 64 p. _a8<U+00BA> v. : Goa : D. Afonso de Albuquerque : Yusuf Adil Khan : 1510. - D.L. 2002. - 64 p. _a9<U+00BA> v. : Lepanto : D. João da Áustria : Ali Pachá : 1571. - 64 p. _a10<U+00BA> v. : Trafalgar : Horatio Nelson : Pierre de Villeneuve : 1805. - 64 p. _a11<U+00BA> v. : Waterloo : Napoleão : Wellington : 1815. - 64 p. _a12<U+00BA> v. : Sebastopol : Fran—cois Canrobert : Aleksandr Menshikov : 1855. - D.L. 2002. - 64 p. _a13<U+00BA> v. : Gettysburg : 1863 / George Meade, Robert E. Lee. - cop. 2003. - 64 p. _a14<U+00BA> v. : Verdum : 1916 / Henri-Phillippe Pétain, Erich von Falkenhayn. - cop. 2003. - 64 p. _a15<U+00BA> v. : La Lys : 1918 / Erich Ludendorf, Gomes da Costa. - cop. 2003. - 64 p. _a16<U+00BA> v. : Inglaterra : Hugh, Dowding : Hermann, Goering : 1940. - 64 p. _a17<U+00BA> v. : Midway : Chester, W. Nimitz : Isoroku, Yamamoto : 1942. - 64 p. _a18<U+00BA> v. : El-Alamein : 1942 / Bernard Montgomery, Erwin Rommel. - cop. 2003. - 64 p. _a19<U+00BA> v. : Estalinegrado : Gregory Zhukov : Von Paulus : 1943. - 64 p. _a20<U+00BA> v. : Kursk : 1943 / Nikolai Vatutin, Hermann Hoth. - cop. 2003. - 64 p. _a21<U+00BA> v. : Cassino : 1944 / Mark Wayne Clark, Albert Kesselring. - cop. 2003. - 64 p. _a22<U+00BA> v.: Normandia : Dwight Eisenhower : Adolf Hitler : 1944. - 64 p. _a23<U+00BA> v. : Sinai : Moshe Dayan : Abdel Nasser : 1967. - 64 p. _a25<U+00BA> v. : Golfo : Norman Schwarzkopf : Saddam Hussein : 1991. - 64 p. _a26<U+00BA> v. : Shatt Al-Arab : Tarek Aziz : Ruhollah Khomeini : 1982. - [D.L. 2003]. - 64 p. _a27<U+00BA> v. : Beirute : Ariel Sharon : Yasser Arafat : 1982. - D.L. 2003. - 64 p. _a28<U+00BA> v. : Sarajevo : Alija Izetbegovic : Radovan Karadzic : 1995. - D.L. 2003. - 64 p. _a29<U+00BA> v. : Malvinas : Margaret Thatcher : Leopoldo Galtieri : 1982. - D.L. 2003. - 64 p. _a30<U+00BA> v. : Inchon : Douglas MacArthur : Kim Il Sung : 1950. - D.L. 2003. - 64 p. _a31<U+00BA> v. : Dien Bien Phu : Ho Chi Minh : Christian de Castries : 1954. - D.L. 2003. - 64 p. _a32<U+00BA>. v. : Manchúria : Mao Tsé-Tung : Chang Kai-Chek : 1948. - D.L. 2003. - 64 p. _a33<U+00BA> v. : Ebro : 1938 / Francisco Franco, Juan Modesto. - cop. 2003. - 64 p. |
|
| 675 | _a355.48(100) | ||
| 675 | _a94(100) | ||
| 712 | 0 | 2 | _aQuidNovi |
| 801 |
_aPT _gRPC |
||
| 990 | _cLIVROS | ||